| 000 | 01619nam a2200253Ia 4500 | ||
|---|---|---|---|
| 003 | Ost | ||
| 005 | 20260507075401.0 | ||
| 008 | 260507s9999||||xx |||||||||||||| ||und|| | ||
| 020 | _a49914399339 | ||
| 040 | _cfsecg | ||
| 041 | _aara | ||
| 082 | _a600 | ||
| 100 |
_aخميس، عبد السلام محمد _eمؤلف |
||
| 245 | 0 |
_aنظرية المؤامرة والإنهيار المصرفي بين كفاية مقررات لجنة بازل وتقليل المخاطر المصرفية : _bدراسة تحليلية استطلاعية / _c عبد السلام محمد خميس |
|
| 260 |
_aبغداد: _bالذاكرة للنشر والتوزيع, _c2014 |
||
| 300 |
_a234 صفحة؛ _bإيضاحات ؛ _c25 سم |
||
| 504 | _aالمصادر ص.210 | ||
| 520 | _aيضم نظرية المؤامرة والأزمة المالية، مقررات بازل والرقابة المصرفية، الدراسات الخاصة بالرقابة المصرفية، إدارة المخاطر المالية، الدراسات الخاصة بالمخاطر والإستقرار المالي، التحليل المالي للمصارف الامريكية، كفاية رأس المال ورقابة بنك الإحتياط الفيدرالي، تداعيات الأزمة والدروس المستفادة، نظرية المؤامرة والرؤى المستقبلية | ||
| 653 | _aالأزمات الإقتصادية | ||
| 653 | _aالرقابة المصرفية | ||
| 653 | _aالمخاطر المالية | ||
| 700 |
_aالعزاوي، محمد عبد الوهاب _eمؤلف ثانوي |
||
| 942 | _cكتاب | ||
| 999 |
_c44277 _d44277 |
||